000 00597nam a2200181Ia 4500
008 090124s9999 xx 000 0 und d
082 _b16549
100 _a"हिवराळे , सुखराम"
245 _a आभाळ आणि जागरण
250 _a0
260 _bप्रचार प्रकाशन
300 _a147
600 _a"हिवराळे , सुखराम"
630 _a आभाळ आणि जागरण
700 _a"हिवराळे , सुखराम"
730 _a आभाळ आणि जागरण
942 _cBOOK
999 _c88779
_d88779